[Event "Schwarzach B"]
[Site "?"]
[Date "1997.08.26"]
[Round "4.3"]
[White "Graf, Jutta"]
[Black "Walkner, Karl"]
[Result "0-1"]
[WhiteElo "1751"]
[BlackElo "1849"]
[PlyCount "48"]
[EventDate "1996.??.??"]

1. e4 e6 2. d4 d5 3. exd5 exd5 4. Nf3 Bd6 5. Bd3 Ne7 6. O-O O-O {} 7. Bxh7+
Kxh7 8. Ng5+ Kg8 9. Qh5 Bf5 10. g4 Bg6 11. Qh3 Qd7 12. Re1 Nbc6 13. c3 Rae8 14.
f4 Nf5 15. Rf1 f6 16. Nf3 Ne3 17. Bxe3 Rxe3 18. f5 Be8 19. Qg2 Kf7 20. g5 Ke7
21. gxf6+ gxf6 22. Ne5 Nxe5 23. dxe5 Rxe5 24. Nd2 Kd8 0-1

[Event "Schwarzach B"]
[Site "?"]
[Date "1997.08.26"]
[Round "4.4"]
[White "Loeb, Walter"]
[Black "Reiter, Johann"]
[Result "1/2-1/2"]
[WhiteElo "1844"]
[BlackElo "1756"]
[PlyCount "40"]
[EventDate "1996.??.??"]

1. e4 c5 2. Nf3 Nc6 3. b3 d6 4. c4 Bg4 5. Be2 Nf6 6. Nc3 e5 7. O-O Be7 8. d3
O-O 9. Be3 Nd7 10. Nd5 f5 11. exf5 Bxf5 12. Qd2 Nf6 13. a3 Nxd5 14. cxd5 Nd4
15. Bxd4 cxd4 16. Rfc1 Qb6 17. Rc4 Rac8 18. Qb4 {} 18... Qxb4 19. axb4 a6 20.
Rac1 Bd7 1/2-1/2

[Event "Schwarzach B"]
[Site "?"]
[Date "1997.08.26"]
[Round "4.5"]
[White "Saugspier, Mario"]
[Black "Poffers, Adriaan"]
[Result "1/2-1/2"]
[WhiteElo "1713"]
[BlackElo "1844"]
[PlyCount "84"]
[EventDate "1996.??.??"]

1. e4 g6 2. d4 d6 3. c4 Bg7 4. Nc3 Nd7 5. Be3 e5 6. Nf3 c6 7. Qd2 Qa5 8. Be2 h5
9. dxe5 Nxe5 10. Nxe5 dxe5 11. O-O Be6 12. Rfd1 Nf6 13. Qc2 Ng4 14. Bxg4 hxg4
15. Qd2 Qc7 16. b3 Qe7 17. g3 Bf8 18. Na4 b6 19. Nc3 f6 20. Kg2 Qh7 21. Rh1
Qh3+ 22. Kg1 Rd8 23. Qe2 Be7 24. Rd1 Rxd1+ 25. Qxd1 Rf8 26. Qf1 Qh5 27. Qg2 Kf7
28. Kf1 Bb4 29. Nd1 Rd8 30. Ke2 f5 31. Nb2 f4 32. gxf4 exf4 33. Bxf4 g5 34. Bc1
Qh8 35. Rd1 Rxd1 36. Kxd1 Qc3 37. Qf1 {} 37... Qd4+ 38. Qd3 Qxf2 39. Qe2 Qxe2+
40. Kxe2 Bd6 41. Bxg5 Bxh2 42. Kf2 Bb8 1/2-1/2

[Event "Schwarzach B"]
[Site "?"]
[Date "1997.08.26"]
[Round "4.6"]
[White "Bundt, Bernhard"]
[Black "Hasewend, Wolfgang"]
[Result "1/2-1/2"]
[WhiteElo "1840"]
[BlackElo "1773"]
[PlyCount "28"]
[EventDate "1996.??.??"]

1. c4 e6 2. g3 Nf6 3. Bg2 d6 4. d4 c6 5. Nf3 Be7 6. O-O O-O 7. Nc3 d5 8. Ne5
Nbd7 9. cxd5 exd5 10. e4 dxe4 11. Bg5 Re8 12. Qb3 Nxe5 13. dxe5 Ng4 14. Rad1
Qc7 1/2-1/2

[Event "Schwarzach B"]
[Site "?"]
[Date "1997.08.26"]
[Round "4.7"]
[White "Stadlober, Gerold"]
[Black "Kinzlinger, Georg"]
[Result "1/2-1/2"]
[WhiteElo "1829"]
[BlackElo "1720"]
[PlyCount "34"]
[EventDate "1996.??.??"]

1. e4 d5 2. exd5 Qxd5 3. Nc3 Qa5 4. Bc4 Nf6 5. d3 Bg4 6. Nf3 Nbd7 7. h3 Qh5 8.
Bf4 e5 9. Bg3 Bb4 10. Qe2 Bxf3 11. gxf3 O-O 12. O-O-O Bxc3 13. bxc3 c6 14. Rhe1
Rfe8 15. Kb2 b5 16. Bb3 a5 17. a3 Kf8 1/2-1/2

[Event "Schwarzach B"]
[Site "?"]
[Date "1997.08.26"]
[Round "4.8"]
[White "Steiner, Dietmar"]
[Black "Mooslechner, Peter"]
[Result "0-1"]
[WhiteElo "1672"]
[BlackElo "1823"]
[PlyCount "58"]
[EventDate "1996.??.??"]

1. e4 d5 2. exd5 Nf6 3. d4 Nxd5 4. c4 Nb6 5. Nf3 g6 6. Nc3 Bg7 7. Be2 Nc6 8.
Be3 Bg4 9. c5 Nd5 10. Qb3 Nxe3 11. fxe3 Bd7 12. O-O e6 13. Rad1 O-O 14. e4 Qe7
15. a3 Rab8 16. Qc2 Nxd4 17. Qd3 Nxe2+ 18. Nxe2 Qxc5+ 19. Kh1 {} 19... Bb5 20.
Qd2 Rbd8 21. Qxd8 Rxd8 22. Rxd8+ Bf8 23. Rc1 Qe3 24. Rxc7 Bxe2 25. Rcc8 Bxf3
26. Rxf8+ Kg7 27. Rg8+ Kh6 28. gxf3 Qf2 29. Rc7 Qf1# 0-1

[Event "Schwarzach B"]
[Site "?"]
[Date "1997.08.26"]
[Round "4.9"]
[White "Philippe, Denis"]
[Black "Ljubic, Franjo sen"]
[Result "1-0"]
[WhiteElo "1803"]
[BlackElo "1643"]
[PlyCount "155"]
[EventDate "1996.??.??"]

1. d4 Nf6 2. c4 d5 3. cxd5 Nxd5 4. e4 Nf6 5. Nc3 g6 6. Bc4 c6 7. Nge2 b5 8. Bd3
Bg7 9. f3 O-O 10. Be3 Bb7 11. Qd2 a6 12. O-O Nbd7 13. e5 Nd5 14. Nxd5 cxd5 15.
Bh6 Qb6 16. Bxg7 Kxg7 17. f4 f6 18. Kh1 fxe5 19. fxe5 Rxf1+ 20. Rxf1 Rf8 21.
Rf4 Rxf4 22. Nxf4 Nf8 23. Qb4 Qc7 24. Qd2 Qc6 25. Qc3 g5 26. Nh5+ Kh6 27. Ng3
Qxc3 28. bxc3 e6 29. Ne2 Nd7 30. Kg1 Kg7 31. Kf2 Nb6 32. g3 Bc8 33. Nc1 Na4 34.
Ne2 h6 35. Bc2 Nb6 36. Nc1 a5 37. Nd3 Nc4 38. Ke2 Ba6 39. Nc5 Bc8 40. Bb3 Nb6
41. Bc2 Nc4 42. Bd3 b4 43. Bxc4 dxc4 44. Kd2 Kg6 45. g4 h5 46. h3 hxg4 47. hxg4
Kf7 48. Kc2 Ke7 {} 49. Ne4 Bb7 50. Nxg5 Bd5 51. Kb2 b3 52. Nh7 Bf3 53. axb3
Bxg4 54. bxc4 Be2 55. Kb3 a4+ 56. Kxa4 Bxc4 57. Kb4 Ba6 58. Kc5 Kd7 59. Nf6+
Kc7 60. c4 Bb7 61. Ne8+ Kd7 62. Nf6+ Kc7 63. d5 exd5 64. cxd5 Kd8 65. Ne4 Ke7
66. Nf6 Bc8 67. Kc6 Bh3 68. Ne4 Bg2 69. Nc5 Bh1 70. Nd3 Be4 71. Nf4 Bf3 72. Kc5
Be4 73. d6+ Kd7 74. e6+ Kd8 75. Kd4 Bf5 76. Ke5 Bg4 77. Nd5 Bh5 78. e7+ 1-0

[Event "Schwarzach B"]
[Site "?"]
[Date "1997.08.27"]
[Round "5.1"]
[White "Wingender, Hans Peter"]
[Black "Mooslechner, Peter"]
[Result "0-1"]
[WhiteElo "1894"]
[BlackElo "1823"]
[PlyCount "54"]
[EventDate "1996.??.??"]

1. Nf3 Nf6 2. e3 c5 3. b3 g6 4. Bb2 Bg7 5. c4 O-O 6. Be2 Nc6 7. O-O b6 8. d4
cxd4 9. exd4 d5 10. Nbd2 Bb7 11. Re1 Re8 12. Ne5 Rc8 13. Ndf3 e6 14. Rc1 Nxe5
15. dxe5 Ne4 16. Bd4 Qe7 17. cxd5 Bxd5 18. Rxc8 Rxc8 19. Ba6 Rc7 20. Qd3 Nc5
21. Bxc5 Qxc5 22. Nd4 Qa5 23. Qe2 Rc5 24. f4 Bf8 25. Bd3 Rc3 26. Bb1 Bc5 27.
Rd1 Bxd4+ {} 0-1

[Event "Schwarzach B"]
[Site "?"]
[Date "1997.08.27"]
[Round "5.2"]
[White "Walkner, Karl"]
[Black "Philippe, Denis"]
[Result "1-0"]
[WhiteElo "1849"]
[BlackElo "1803"]
[PlyCount "119"]
[EventDate "1996.??.??"]

1. e4 c6 2. d4 d5 3. Nc3 dxe4 4. Nxe4 Nd7 5. Nf3 Ngf6 6. Nxf6+ Nxf6 7. Bc4 e6
8. O-O Be7 9. Re1 O-O 10. Qe2 h6 11. c3 Qc7 12. g3 Bd6 13. Bb3 c5 14. Be3 Nd5
15. Rad1 Nxe3 16. Qxe3 b6 17. Bc2 {} 17... f5 18. dxc5 bxc5 19. Ne5 Rf6 20.
Ba4 Kh7 21. Rd2 Rb8 22. Nc6 Rb6 23. Ne5 Rb8 24. Nc4 Bf8 25. Qe5 Qxe5 26. Nxe5
Rb7 27. Bc6 Rc7 28. f4 Be7 29. Bb5 Kg8 30. Bc4 Kf8 31. Red1 Kg8 32. Nd7 Rf8 33.
Ne5 Rf6 34. Kf2 Kh7 35. a3 Kg8 36. Re2 a6 37. h4 h5 38. Nf3 Rg6 39. Rde1 Rb7
40. Bxa6 Rc7 41. Bxc8 Rxc8 42. Rxe6 Rxe6 43. Rxe6 Kf7 44. Re2 Rc7 45. Rd2 Rb7
46. Ne5+ Kf6 47. Ke3 Ke6 48. Nc4 Bf8 49. Rd3 Be7 50. Kd2 Bf6 51. Kc2 Be7 52.
Ne3 g6 53. b4 Ra7 54. Kb3 Rc7 55. Nc4 Rc8 56. b5 Rb8 57. a4 Bf6 58. b6 Rd8 59.
Rxd8 Bxd8 60. a5 1-0

[Event "Schwarzach B"]
[Site "?"]
[Date "1997.08.27"]
[Round "5.3"]
[White "Junger, Gerald"]
[Black "Loeb, Walter"]
[Result "1/2-1/2"]
[WhiteElo "1786"]
[BlackElo "1844"]
[PlyCount "122"]
[EventDate "1996.??.??"]

1. e4 c6 2. d4 d5 3. e5 Bf5 4. Nf3 e6 5. Be3 Qb6 6. Qc1 Na6 7. c3 c5 8. Be2 Rc8
9. O-O Nh6 10. a4 Bxb1 11. Qxb1 Nf5 12. Bb5+ Kd8 13. Ng5 Rc7 14. Qd1 h6 15. Nf3
Be7 16. Qe2 cxd4 17. cxd4 Bb4 18. Rfc1 Nxe3 19. Qxe3 Ke7 20. Bxa6 bxa6 21.
Rxc7+ Qxc7 22. Rc1 Qd7 23. Qb3 a5 24. Qc2 Rb8 25. Qh7 Rc8 26. Rf1 Qxa4 27. Qxg7
Qc2 28. Qf6+ Ke8 29. Qxh6 Qg6 30. Qxg6 fxg6 31. h4 Rc2 32. Rb1 Kd7 33. g4 Re2
34. Kg2 Rc2 35. h5 gxh5 36. gxh5 Bf8 37. Kg3 a4 {} 38. Ra1 Rc4 39. Kg4 Bh6 40.
Rb1 Rb4 41. Ra1 Rc4 42. Ra3 Kc6 43. b3 axb3 44. Rxb3 a5 45. Rd3 Rc2 46. Ng5
Rxf2 47. Nxe6 Kb5 48. Rc3 Kb4 49. Rc5 a4 50. Rxd5 a3 51. Rd7 a2 52. Ra7 Bc1 53.
Nc5 Rf4+ 54. Kg3 Rxd4 55. Rxa2 Bf4+ 56. Kf3 Kxc5 57. Re2 Bh6 58. Re4 Rd8 59. e6
Kd5 60. e7 Re8 61. Re1 Kd6 1/2-1/2

[Event "Schwarzach B"]
[Site "?"]
[Date "1997.08.27"]
[Round "5.5"]
[White "Reiter, Johann"]
[Black "Bundt, Bernhard"]
[Result "0-1"]
[WhiteElo "1756"]
[BlackElo "1840"]
[PlyCount "56"]
[EventDate "1996.??.??"]

1. c4 e5 2. Nc3 Nf6 3. g3 Nc6 4. Bg2 Bb4 5. a3 Bxc3 6. dxc3 h6 7. b4 O-O 8. Nf3
e4 9. Nd2 e3 10. fxe3 Ng4 11. Nf3 Qe7 12. Qd3 Re8 13. c5 Rb8 14. e4 b6 15. cxb6
Rxb6 16. a4 Nce5 17. Qc2 Nc4 18. Qd3 d5 19. e5 Ncxe5 20. Nxe5 Nxe5 21. Qd4 Rf6
22. Kd1 Nc6 23. Qd2 Bg4 24. Re1 Rf2 25. Bxd5 Qf6 26. Bc4 Rd8 27. Bd3 {} 27...
Ne5 28. Qe3 Rxd3+ 0-1

[Event "Schwarzach B"]
[Site "?"]
[Date "1997.08.27"]
[Round "5.7"]
[White "Erlacher, Herbert"]
[Black "Zozin, Walter"]
[Result "1-0"]
[WhiteElo "1820"]
[BlackElo "1747"]
[PlyCount "77"]
[EventDate "1996.??.??"]

1. Nf3 Nf6 2. d4 d5 3. g3 g6 4. Bg2 Bg7 5. c3 O-O 6. O-O Nbd7 7. Bg5 Re8 8.
Nbd2 c5 9. Qc2 b6 10. Rad1 Bb7 11. dxc5 Nxc5 12. Nb3 Nfe4 13. Be3 e6 14. Nfd2
Nxb3 15. Nxe4 Na5 16. Bg5 f6 17. Bc1 Qe7 18. Nd2 Rac8 19. Nf3 Ba6 20. Rfe1 Nc6
21. e4 Qf8 22. exd5 exd5 23. Qb3 Bc4 24. Qc2 Ba6 25. Be3 Rc7 26. Qa4 Bc4 {}
27. Nd2 Kh8 28. Nxc4 dxc4 29. Bxc6 Re5 30. Bg2 Ra5 31. Qc2 Rxa2 32. Bf4 Re7 33.
Rxe7 Qxe7 34. Bd6 Qe8 35. Ba3 h5 36. Qe4 Qa4 37. Re1 Rxa3 38. bxa3 Qb3 39. Qxg6
1-0

[Event "Schwarzach B"]
[Site "?"]
[Date "1997.08.??"]
[Round "5.8"]
[White "Reck, Bruno"]
[Black "Hattinger, Walter"]
[Result "1/2-1/2"]
[WhiteElo "1806"]
[BlackElo "1715"]
[PlyCount "30"]
[EventDate "1996.??.??"]

1. d4 d5 2. Nf3 Nf6 3. c4 c6 4. e3 g6 5. Nc3 Bg7 6. Be2 O-O 7. O-O Re8 8. Qb3
e6 9. Qc2 Nbd7 10. e4 dxe4 11. Nxe4 Nxe4 12. Qxe4 e5 13. dxe5 Nxe5 14. Rd1
Nxf3+ 15. gxf3 Qxd1+ 1/2-1/2

[Event "Schwarzach B"]
[Site "?"]
[Date "1997.08.27"]
[Round "5.9"]
[White "Buchholz, Karl"]
[Black "Saugspier, Mario"]
[Result "1/2-1/2"]
[WhiteElo "1800"]
[BlackElo "1713"]
[PlyCount "46"]
[EventDate "1996.??.??"]

1. e4 c6 2. d4 d5 3. Nc3 dxe4 4. Nxe4 Nd7 5. Nf3 Ngf6 6. Ng3 e6 7. Bd3 Qc7 8.
Qe2 Be7 9. O-O b6 10. Re1 O-O 11. Bg5 h6 12. Bxf6 Nxf6 13. Rad1 Bb7 14. Ne5 Bd6
15. Nh5 Bxe5 16. dxe5 Nxh5 17. Qxh5 c5 18. Qg4 Rad8 19. c3 Kh8 20. h4 Rd7 21.
f4 c4 22. Bc2 Rxd1 23. Rxd1 Rd8 1/2-1/2

[Event "Schwarzach B"]
[Site "?"]
[Date "1997.08.27"]
[Round "5.10"]
[White "Kinzlinger, Georg"]
[Black "Becker, Thomas"]
[Result "0-1"]
[WhiteElo "1720"]
[BlackElo "1882"]
[PlyCount "63"]
[EventDate "1996.??.??"]

1. e4 c5 2. Nf3 e6 3. c3 d5 4. e5 c4 5. b3 b5 6. a4 Qa5 7. Bb2 Nc6 8. Qc2 Qc7
9. d4 cxd3 10. Bxd3 Nxe5 11. Bxb5+ Bd7 12. Bxd7+ Nxd7 13. Nbd2 Ngf6 14. O-O Bd6
15. g3 O-O 16. Ba3 Nc5 17. c4 Nce4 18. Bxd6 Nxd6 19. c5 Nb7 20. Rfc1 Rfc8 21.
b4 {} 21... a5 22. Nb3 axb4 23. a5 Nxa5 24. Nxa5 Rxa5 25. Rxa5 Qxa5 26. c6 Qb6
27. Qb2 Ne4 28. Ne5 f6 29. Nd3 b3 30. Nf4 Rxc6 31. Rxc6 Qxc6 32. Qxb3 0-1

[Event "Schwarzach B"]
[Site "?"]
[Date "1997.08.28"]
[Round "6.1"]
[White "Mooslechner, Peter"]
[Black "Walkner, Karl"]
[Result "1-0"]
[WhiteElo "1823"]
[BlackElo "1849"]
[PlyCount "83"]
[EventDate "1996.??.??"]

1. Nf3 Nf6 2. d4 d5 3. e3 e6 4. Bd3 c5 5. c3 Nc6 6. Nbd2 cxd4 7. exd4 Bd6 8.
O-O O-O 9. Re1 Qc7 10. Qe2 a5 11. a4 b6 12. Ne5 Nb8 13. Bc2 Ba6 14. Qd1 Nbd7
15. f4 Rfc8 16. Re3 b5 17. axb5 Bxb5 18. Rh3 Nf8 19. g4 N6d7 20. g5 f6 21. Nxd7
Qxd7 22. gxf6 gxf6 23. Rg3+ Kh8 24. Nf3 Qa7 25. Nh4 Rc7 26. Qh5 f5 27. Qh6 Rg7
{} 28. Nxf5 exf5 29. Qxd6 Rxg3+ 30. hxg3 Qf7 31. Qe5+ Kg8 32. Qxf5 Re8 33.
Qxf7+ Kxf7 34. Bb3 Re1+ 35. Kf2 Re2+ 36. Kf3 Re1 37. Bxd5+ Kf6 38. c4 Be8 39.
b3 Rd1 40. Be4 Ne6 41. Bb2 Bh5+ 42. g4 1-0

[Event "Schwarzach B"]
[Site "?"]
[Date "1997.08.28"]
[Round "6.2"]
[White "Junger, Gerald"]
[Black "Poffers, Adriaan"]
[Result "0-1"]
[WhiteElo "1786"]
[BlackElo "1844"]
[PlyCount "79"]
[EventDate "1996.??.??"]

1. e4 g6 2. d4 d6 3. Nc3 c6 4. Be2 Nd7 5. Be3 e5 6. Qd2 Qa5 7. Nf3 h5 8. O-O
Ngf6 9. Rad1 Ng4 10. dxe5 dxe5 11. Ng5 Be7 12. Bc4 O-O 13. Nd5 Qd8 14. Nxe7+
Qxe7 15. Nh3 Nxe3 16. Qxe3 Kg7 17. Rd2 Qc5 18. Qxc5 Nxc5 19. f3 b5 20. Be2 Bxh3
21. gxh3 Rfd8 22. Rfd1 Ne6 23. c3 Rxd2 24. Rxd2 Rd8 25. Rc2 Nf4 26. Bf1 Kf6 27.
Kf2 Rd1 28. h4 Ke7 29. a3 a5 30. Be2 Rh1 31. Kg3 {} 31... Rg1+ 32. Kf2 Rg2+
33. Ke3 Rxh2 34. b4 axb4 35. cxb4 Rxe2+ 36. Rxe2 Nxe2 37. Kxe2 Kf6 38. Kf2 g5
39. Kg3 gxh4+ 40. Kxh4 0-1

[Event "Schwarzach B"]
[Site "?"]
[Date "1997.08.28"]
[Round "6.3"]
[White "Bundt, Bernhard"]
[Black "Erlacher, Herbert"]
[Result "1-0"]
[WhiteElo "1840"]
[BlackElo "1820"]
[PlyCount "65"]
[EventDate "1996.??.??"]

1. c4 e6 2. Nf3 f5 3. g3 Nf6 4. Bg2 Be7 5. Nc3 O-O 6. O-O c6 7. d3 d5 8. e3 Qc7
9. Qb3 Nbd7 10. d4 Ne4 11. cxd5 exd5 12. Bd2 Ndf6 13. Rac1 Qb6 14. Qc2 Be6 15.
Na4 Qd8 16. Nc5 Nxc5 17. dxc5 Ne4 18. Nd4 Bd7 19. Nb3 a5 20. f3 a4 21. fxe4
axb3 22. Qxb3 fxe4 23. Bxe4 Rxf1+ 24. Rxf1 Bxc5 25. Bxd5+ Kh8 26. Bg2 Bg4 27.
Qxb7 Be2 28. Bc3 Bxe3+ 29. Kh1 Bh6 30. Re1 Bb5 31. Qf7 Qg8 32. Qh5 Rd8 {} 33.
Qxh6 1-0

[Event "Schwarzach B"]
[Site "?"]
[Date "1997.08.28"]
[Round "6.4"]
[White "Stadlober, Gerold"]
[Black "Bergthaler, Josef"]
[Result "1-0"]
[WhiteElo "1829"]
[BlackElo "1893"]
[PlyCount "57"]
[EventDate "1996.??.??"]

1. e4 Nf6 2. e5 Nd5 3. c4 Nb6 4. d4 d6 5. f4 g6 6. Nf3 dxe5 7. fxe5 Bg7 8. Be2
Nc6 9. Be3 O-O 10. O-O Bf5 11. Qd2 Qd7 12. Nc3 Rad8 13. Rad1 Bg4 14. d5 Bxf3
15. Bxf3 Nxe5 16. b3 Nxf3+ 17. Rxf3 f5 18. Bh6 Rf7 19. Bxg7 Rxg7 20. Qe2 Qd6
21. Nb5 Qc5+ 22. Kh1 Rf7 23. Nd4 Rc8 24. Ne6 Qb4 25. c5 Nd7 {} 26. Ng5 Nxc5
27. Nxf7 Kxf7 28. Qe3 Ne4 29. Rd4 1-0

[Event "Schwarzach B"]
[Site "?"]
[Date "1997.08.28"]
[Round "6.5"]
[White "Hattinger, Walter"]
[Black "Wingender, Hans Peter"]
[Result "1/2-1/2"]
[WhiteElo "1715"]
[BlackElo "1894"]
[PlyCount "28"]
[EventDate "1996.??.??"]

1. d4 Nf6 2. Nf3 e6 3. e3 b6 4. Be2 Be7 5. O-O O-O 6. a3 Bb7 7. b4 d6 8. Bb2
Nbd7 9. Nbd2 c5 10. c3 d5 11. dxc5 bxc5 12. bxc5 Nxc5 13. c4 Qa5 14. cxd5 Bxd5
1/2-1/2

[Event "Schwarzach B"]
[Site "?"]
[Date "1997.08.28"]
[Round "6.6"]
[White "Becker, Thomas"]
[Black "Buchholz, Karl"]
[Result "1/2-1/2"]
[WhiteElo "1882"]
[BlackElo "1800"]
[PlyCount "76"]
[EventDate "1996.??.??"]

1. e4 c5 2. Nf3 d6 3. d4 cxd4 4. Nxd4 Nf6 5. Nc3 a6 6. Be3 e5 7. Nb3 Be6 8. Qd2
Be7 9. f3 b5 10. g4 h6 11. O-O-O Nbd7 12. h4 Rc8 13. Kb1 Qc7 14. Bh3 b4 15. Nd5
Bxd5 16. exd5 a5 17. g5 Ng8 18. f4 a4 19. Nc1 Rb8 20. Nd3 exf4 21. Nxf4 Ne5 22.
Qd4 h5 23. g6 Bf6 24. gxf7+ Qxf7 25. Be6 Qc7 26. Qe4 Ne7 27. Bd4 Qc4 28. b3
axb3 29. cxb3 Qa6 30. Bxe5 Bxe5 31. Ng6 Nxg6 32. Qxg6+ Kd8 33. Rc1 Rf8 {} 34.
Qg5+ Bf6 35. Qd2 Bc3 36. Qg5+ Bf6 37. Qd2 Bc3 38. Qg5+ Bf6 1/2-1/2

[Event "Schwarzach B"]
[Site "?"]
[Date "1997.08.28"]
[Round "6.7"]
[White "Loeb, Walter"]
[Black "Graf, Jutta"]
[Result "1/2-1/2"]
[WhiteElo "1844"]
[BlackElo "1751"]
[PlyCount "116"]
[EventDate "1996.??.??"]

1. e4 d5 2. Nc3 Nf6 3. exd5 Nxd5 4. d4 Nc6 5. Nf3 e6 6. Bd3 Be7 7. O-O O-O 8.
Re1 Re8 9. Ne4 Nf6 10. Nxf6+ Bxf6 11. c3 g6 12. Ne5 Ne7 13. Bf4 Bg7 14. Qf3 Rf8
15. Rad1 c6 16. Ng4 Qd5 17. Be4 Qd8 18. Ne5 Nd5 19. Bg3 f5 20. Bxd5 exd5 21.
Nd3 b6 22. Be5 Qd7 23. Bxg7 Kxg7 24. Qf4 Bb7 25. Re5 Rae8 26. Rde1 Rxe5 27.
Qxe5+ Kg8 28. Qe6+ Qxe6 29. Rxe6 Kf7 30. Re3 Re8 31. Rxe8 Kxe8 32. f3 Ke7 33.
Kf2 Kf6 34. Ne5 h6 35. f4 Ba8 36. g3 h5 37. Ke3 Bb7 38. Kd3 Ba6+ 39. Kc2 Bb7
40. h4 Ba8 41. a4 Ke6 42. Nxg6 c5 43. b3 cxd4 44. cxd4 Bc6 45. Kc3 Be8 46. Ne5
Kd6 47. Kb4 Ke6 48. a5 Kd6 49. Nf3 Kc6 50. Ng5 Kd6 51. Nh3 Bd7 52. Ng1 Kc6 53.
Ne2 Kb7 54. Nc3 Bc6 55. Nb5 Bd7 56. Nd6+ Kc7 57. Nf7 Kb7 58. Nh8 Be8 {}
1/2-1/2

[Event "Schwarzach B"]
[Site "?"]
[Date "1997.08.28"]
[Round "6.8"]
[White "Saugspier, Mario"]
[Black "Reck, Bruno"]
[Result "0-1"]
[WhiteElo "1713"]
[BlackElo "1806"]
[PlyCount "98"]
[EventDate "1996.??.??"]

1. e4 c5 2. Nf3 Nc6 3. d4 cxd4 4. Nxd4 d6 5. Nc3 a6 6. f4 g6 7. Be3 Bg7 8. Qd2
Bd7 9. Be2 Rc8 10. O-O-O Nf6 11. h3 Nxd4 12. Bxd4 Qa5 13. Kb1 e5 14. Be3 {}
14... Rxc3 15. Qxc3 Qxc3 16. bxc3 Nxe4 17. Rde1 Nxc3+ 18. Kc1 Nxa2+ 19. Kb1
Nc3+ 20. Kc1 Bc6 21. Rhg1 O-O 22. fxe5 Bxe5 23. Bf3 Bg3 24. Bxc6 bxc6 25. Bh6
Bxe1 26. Rxe1 Rb8 27. Re7 Nb5 28. c4 Nd4 29. Ra7 Rc8 30. Rxa6 d5 31. cxd5 cxd5+
32. Kd2 Ne6 33. Be3 Kg7 34. Rd6 Rd8 35. Bd4+ Kf8 36. Rxd8+ Nxd8 37. Bf6 Ne6 38.
Ke3 Ke8 39. g3 h5 40. h4 Kd7 41. Kd3 Kd6 42. Kc3 Nc5 43. Kd4 Nd7 44. Bg5 f6 45.
Bf4+ Ne5 46. Bc1 Ke6 47. Be3 Nf3+ 48. Kd3 Kf5 49. Bf4 Nxh4 0-1

[Event "Schwarzach B"]
[Site "?"]
[Date "1997.08.28"]
[Round "6.10"]
[White "Ljubic, Franjo sen"]
[Black "Hutz, Gerhard"]
[Result "1-0"]
[WhiteElo "1643"]
[BlackElo "1892"]
[PlyCount "157"]
[EventDate "1996.??.??"]

1. d4 Nf6 2. Nf3 e6 3. c4 b6 4. g3 Bb7 5. Bg2 c5 6. O-O Be7 7. b3 O-O 8. dxc5
bxc5 9. Bb2 Nc6 10. Ne5 Qc7 11. Nxc6 Bxc6 12. Bxc6 Qxc6 13. Nc3 d5 14. cxd5
exd5 15. e3 Rfd8 16. Qf3 Rac8 17. Rac1 d4 18. Qxc6 Rxc6 19. Na4 d3 20. Bxf6
Rxf6 21. Rfd1 Rf5 22. Rc4 Rfd5 23. Nc3 R5d7 24. e4 Rd4 25. Nd5 Bf6 26. Rxd4
Bxd4 27. Rxd3 f5 28. Ne3 fxe4 29. Rd2 Kf7 30. Kf1 Ke6 31. Nc4 Rf8 32. Kg2 g5
33. g4 Rf4 34. h3 Kf6 35. Re2 Ke6 36. f3 Kd5 37. fxe4+ Rxe4 38. Rc2 Re1 39. Kf3
Rh1 40. Kg2 Ra1 41. Nd2 a5 42. Kf3 Rh1 43. Kg2 Rg1+ 44. Kh2 Rd1 45. Kg3 Be5+
46. Kf2 Rh1 47. Nf3 Rxh3 48. Rd2+ Bd4+ 49. Kg2 Rh6 50. Nxg5 Rg6 51. Nh3 Rxg4+
52. Kf3 Rg7 53. Nf4+ Kc6 54. Ne6 Rd7 55. Ke4 Kb5 56. Rc2 Rd6 57. Nf4 Ra6 58.
Kd5 Rh6 59. Rc4 Rh2 60. Ra4 Bc3 61. Ne6 Rd2+ 62. Ke4 Re2+ 63. Kd5 Re5+ 64. Kd6
Rh5 65. Nc7+ Kb6 {} 66. Nd5+ Rxd5+ 67. Kxd5 h6 68. Rc4 Bd4 69. a4 h5 70. Rc2
h4 71. Rg2 Kc7 72. Rh2 Kb6 73. Rxh4 Be3 74. Re4 Bd4 75. Re6+ Kb7 76. Rc6 Bh8
77. Kxc5 Bc3 78. Kb5 Bb4 79. Ra6 1-0

[Event "Schwarzach B"]
[Site "?"]
[Date "1997.08.29"]
[Round "7.1"]
[White "Poffers, Adriaan"]
[Black "Mooslechner, Peter"]
[Result "1-0"]
[WhiteElo "1844"]
[BlackElo "1823"]
[PlyCount "154"]
[EventDate "1996.??.??"]

1. d4 d5 2. Bg5 c5 3. c3 Nc6 4. Nf3 Bg4 5. e3 Qb6 6. Qd2 Nf6 7. Bxf6 gxf6 8.
dxc5 Qxc5 9. Nd4 e5 10. Nb3 Qb6 11. Be2 Be6 12. Qd3 a6 13. N1d2 O-O-O 14. O-O
f5 15. Kh1 Rg8 16. Rfd1 Bd6 17. c4 Bb8 18. c5 Qc7 19. Nf1 e4 20. Qd2 Rg6 21.
Nd4 Nxd4 22. Qxd4 Rdg8 23. g3 f4 24. exf4 Qxf4 25. c6 Qc7 26. cxb7+ Kxb7 27.
Rac1 Qb6 28. Qxb6+ Kxb6 29. Ne3 Be5 30. Nxd5+ Bxd5 31. Rxd5 Re6 32. b3 Bd6 33.
Bc4 Rf6 34. Kg2 Rc8 35. Re1 Bc5 36. Re2 Rcc6 37. Rd7 Rf3 38. Rxf7 Rcf6 39.
Rxf6+ Rxf6 40. Bd5 e3 41. fxe3 Ka5 42. e4 Rd6 43. Bg8 h6 44. e5 Rg6 45. Bf7 Rc6
46. e6 Rc7 47. Re5 Kb6 48. Be8 Be7 49. Rd5 Rc2+ 50. Kh3 Rxa2 51. Rd7 Bg5 52.
Rg7 Kc5 53. Kg4 Kd6 54. h4 Be7 55. Rh7 Bf8 56. Bd7 a5 57. Bc8 Re2 58. Rd7+ Kc6
59. Bb7+ Kc5 60. Bd5 Bd6 61. Bc4 Re3 62. Kh5 Bxg3 63. Rd5+ Kb6 64. Rb5+ Kc7 65.
Rxa5 Re4 66. Ra7+ Kb6 67. Rb7+ Kc6 68. Rh7 Rxh4+ 69. Kg6 Bd6 70. Kf7 Rf4+ 71.
Kg6 Rh4 {} 72. Rxh6 Rxh6+ 73. Kxh6 Kc7 74. Kg6 Kd8 75. Kf7 Be7 76. Bb5 Bb4 77.
Kf6 Bd6 1-0

[Event "Schwarzach B"]
[Site "?"]
[Date "1997.08.29"]
[Round "7.2"]
[White "Stadlober, Gerold"]
[Black "Bundt, Bernhard"]
[Result "0-1"]
[WhiteElo "1829"]
[BlackElo "1840"]
[PlyCount "60"]
[EventDate "1996.??.??"]

1. e4 c5 2. Nc3 Nc6 3. g3 g6 4. Bg2 Bg7 5. Nge2 e6 6. d3 Nge7 7. Be3 Nd4 8. Rb1
d5 9. Qd2 Nxc2+ 10. Qxc2 d4 11. Bd2 dxc3 12. Bxc3 e5 13. f4 O-O 14. fxe5 Nc6
15. O-O b6 16. Rbd1 Bg4 17. h3 Bxe2 18. Qxe2 Bxe5 19. Bxe5 Nxe5 20. d4 {}
20... cxd4 21. Qb5 Qg5 22. Qb3 d3 23. Kh2 Rac8 24. Rf2 Qh5 25. Kg1 Rc2 26. Rdf1
Rxf2 27. Rxf2 Rc8 28. Qd5 Qg5 29. Rf4 Qxg3 30. Qxe5 d2 0-1

[Event "Schwarzach B"]
[Site "?"]
[Date "1997.08.29"]
[Round "7.3"]
[White "Reck, Bruno"]
[Black "Philippe, Denis"]
[Result "0-1"]
[WhiteElo "1806"]
[BlackElo "1803"]
[PlyCount "131"]
[EventDate "1996.??.??"]

1. e4 c6 2. d4 d5 3. e5 Bf5 4. Bd3 Bxd3 5. Qxd3 e6 6. Ne2 Qb6 7. O-O Qa6 8. Qd1
c5 9. c3 Ne7 10. f4 cxd4 11. cxd4 Nbc6 12. Nbc3 h5 13. h3 h4 14. Be3 Nf5 15.
Bf2 Be7 16. Qd2 Rh5 17. Be3 Kd7 18. Kh2 Rah8 19. Rf3 Na5 20. Bf2 {} 20... Nb3
21. axb3 Qxa1 22. Na4 Rc8 23. Nc5+ Bxc5 24. dxc5 Qa6 25. b4 Qc6 26. Qd1 Rhh8
27. Nd4 Nxd4 28. Qxd4 g6 29. Ra3 a6 30. Rd3 Kc7 31. Qe3 Rh5 32. Rd4 Rg8 33. Qe2
Rgh8 34. Be3 Kb8 35. b3 Qb5 36. Qe1 Kc7 37. Rd1 Qc6 38. Rd4 Kb8 39. Qf2 Kc7 40.
Qe1 Qb5 41. Rd1 Kc6 42. Qd2 Kc7 43. Ra1 Qc6 44. Ra5 Kd7 45. b5 axb5 46. Qb4 Rb8
47. Rxb5 Rhh8 48. Rb6 Qc7 49. Qb5+ Ke7 50. b4 Kf8 51. c6 Kg7 52. cxb7 Qc3 53.
Qc5 Qe1 54. Bf2 Qe4 55. Qe3 Qxe3 56. Bxe3 Rhd8 57. Bc5 Rd7 58. g3 hxg3+ 59.
Kxg3 Rdxb7 60. Ra6 Rd8 61. Ra1 Rc8 62. Kg4 Rb5 63. Rd1 Rcxc5 64. bxc5 Rxc5 65.
Kg3 Rc4 66. Rd3 0-1